[Event "Catalunya-chT Gp2 Final"]
[Site "Barcelona"]
[Date "2023.03.25"]
[Round "3.8"]
[White "Vinardell Cruanas, Sergi"]
[Black "Martinez Gamiz, Marc"]
[Result "1/2-1/2"]
[WhiteElo "2119"]
[BlackElo "1977"]
[PlyCount "66"]
[EventDate "2023.03.11"]
[EventType "team-k.o."]
[EventRounds "4"]
[EventCountry "ESP"]
[SourceTitle "EXT 2024"]
[Source "ChessBase"]
[SourceDate "2023.10.10"]
[SourceVersion "1"]
[SourceVersionDate "2023.10.10"]
[SourceQuality "1"]
[WhiteTeam "Olot"]
[BlackTeam "Andorra"]
[WhiteTeamCountry "ESP"]
[BlackTeamCountry "AND"]

1. e4 c5 2. Nf3 Nc6 3. d4 cxd4 4. Nxd4 g6 5. Nc3 Bg7 6. Be3 Nf6 7. Bc4 0-0 8. Bb3 d6 9. f3 Bd7 10. Qd2 Rc8 11. h4 Nxd4 12. Bxd4 b5 13. h5 e6 14. hxg6 hxg6 15. Bxa7 d5 16. e5 Ne8 17. Bd4 Nc7 18. a3 Na6 19. Qe3 Qe7 20. f4 Nc5 21. Ba2 Rfe8 22. 0-0-0 b4 23. axb4 Na6 24. b5 Nb4 25. Kb1 Nxa2 26. Kxa2 Qb4 27. Kb1 Bxb5 28. Nxb5 Qxb5 29. Rd3 Rc4 30. Ra3 Qb4 31. Bc3 Qb7 32. Bd4 Qb4 33. Bc3 Qb7 1/2-1/2

[Event "Catalunya-chT Gp2 Final"]
[Site "Barcelona"]
[Date "2023.03.11"]
[Round "1.10"]
[White "Camps Abadia, Arnau"]
[Black "Martinez Gamiz, Marc"]
[Result "1-0"]
[WhiteElo "1901"]
[BlackElo "1977"]
[PlyCount "61"]
[EventDate "2023.03.11"]
[EventType "team-k.o."]
[EventRounds "4"]
[EventCountry "ESP"]
[SourceTitle "EXT 2024"]
[Source "ChessBase"]
[SourceDate "2023.10.10"]
[SourceVersion "1"]
[SourceVersionDate "2023.10.10"]
[SourceQuality "1"]
[WhiteTeam "Cerdanyola Valles"]
[BlackTeam "Andorra"]
[WhiteTeamCountry "ESP"]
[BlackTeamCountry "AND"]

1. e4 c5 2. c3 d5 3. exd5 Qxd5 4. d4 Nc6 5. Nf3 Bg4 6. dxc5 Qxd1+ 7. Kxd1 e5 8. b4 e4 9. h3 Bh5 10. g4 exf3 11. gxh5 Nf6 12. b5 Na5 13. Be3 Ne4 14. c6 bxc6 15. bxc6 Bd6 16. Ba6 0-0 17. Kc2 Rfe8 18. Rd1 Rab8 19. Rxd6 Nxd6 20. c7 Ra8 21. Bf4 Ndb7 22. Na3 Re6 23. Bxb7 Nxb7 24. Rb1 Rb6 25. Rxb6 axb6 26. Nc4 Rxa2+ 27. Kb3 Ra8 28. Nxb6 Re8 29. c8Q Rxc8 30. Nxc8 Nc5+ 31. Kc4 1-0

[Event "Catalunya-chT Gp1"]
[Site "Barcelona"]
[Date "2023.01.21"]
[Round "?"]
[White "Martinez Gamiz, Marc"]
[Black "Perez Bolanos, David"]
[Result "1/2-1/2"]
[WhiteElo "2016"]
[BlackElo "2140"]
[PlyCount "71"]
[EventDate "2023.01.21"]
[EventType "team-tourn"]
[EventRounds "7"]
[EventCountry "ESP"]
[SourceTitle "CBM 212 Extra"]
[Source "ChessBase"]
[SourceDate "2023.03.31"]
[SourceVersion "1"]
[SourceVersionDate "2023.03.31"]
[SourceQuality "1"]
[WhiteTeam "Andorra"]
[BlackTeam "Barbera"]
[WhiteTeamCountry "AND"]
[BlackTeamCountry "ESP"]

1. e4 e5 2. Nc3 Nf6 3. g3 d5 4. exd5 Nxd5 5. Bg2 Nxc3 6. bxc3 Bc5 7. Nf3 Nc6 8. 0-0 0-0 9. Re1 Re8 10. d4 exd4 11. Rxe8+ Qxe8 12. cxd4 Bd6 13. Rb1 Rb8 14. Be3 Ne7 15. d5 Qa4 16. Qd4 Qxa2 17. Ra1 Qxd5 18. Qxa7 Nc6 19. Qa4 Bd7 20. Ng5 Qe5 21. Bf4 Qe7 22. Bd5 Nd8 23. Qa7 c6 24. Bxd6 Qxd6 25. Bf3 b6 26. Rd1 Rb7 27. Rxd6 Rxa7 28. Bg4 Ne6 29. Nxe6 fxe6 30. Bxe6+ Bxe6 31. Rxe6 Rc7 32. f4 Kf7 33. Re5 Rd7 34. Re2 c5 35. Kf2 Rd4 36. h3 1/2-1/2

[Event "Catalan-ch U10/20"]
[Site "Tarragona"]
[Date "2022.04.10"]
[Round "3"]
[White "Martin Barcelo, Carles"]
[Black "Martinez Gamiz, Marc"]
[Result "1-0"]
[WhiteElo "2228"]
[BlackElo "1952"]
[PlyCount "129"]
[EventDate "2022.04.09"]
[EventType "swiss"]
[EventRounds "9"]
[EventCountry "ESP"]
[SourceTitle "EXT 2023"]
[Source "ChessBase"]
[SourceDate "2022.10.05"]
[SourceVersion "1"]
[SourceVersionDate "2022.10.05"]
[SourceQuality "1"]

1. e4 c5 2. Nf3 Nc6 3. Bb5 g6 4. 0-0 Bg7 5. c3 Nf6 6. Re1 0-0 7. d4 a6 8. Bxc6 dxc6 9. h3 cxd4 10. cxd4 c5 11. d5 b5 12. Nc3 Bb7 13. Bf4 Rc8 14. Be5 Bh6 15. Nh2 Nd7 16. Bg3 c4 17. Ng4 Bg7 18. Re2 Nc5 19. Be5 Bxe5 20. Nxe5 e6 21. dxe6 fxe6 22. Qc2 Qd6 23. Ng4 Qd3 24. f3 Qxc2 25. Rxc2 Rcd8 26. Nf2 Rd7 27. Rd1 Rfd8 28. Kf1 Rxd1+ 29. Ncxd1 a5 30. Ke1 Nd3+ 31. Nxd3 Rxd3 32. a4 Ba6 33. axb5 Bxb5 34. Nc3 Bc6 35. Rd2 Rxd2 36. Kxd2 Kf7 37. Nb1 Kf6 38. Na3 Kg5 39. g3 h5 40. h4+ Kf6 41. Nxc4 a4 42. Ke3 g5 43. f4 gxh4 44. gxh4 Bb5 45. Nd6 Bd7 46. Kd4 Ke7 47. Ke5 Bc6 48. Nc4 Bb5 49. Nd2 Bd3 50. Nf3 Bc4 51. Ne1 Bb5 52. Nc2 Bc4 53. Nb4 Bb5 54. Na2 Bc4 55. Nc3 Bb3 56. Nb5 Bc4 57. Nd4 Ba2 58. Ne2 Bb3 59. Ng3 Bd1 60. f5 exf5 61. Kxf5 Kd6 62. Kf6 Bg4 63. Nf5+ Kd7 64. e5 Ke8 65. e6 1-0

[Event "ESP-ch U16"]
[Site "Salobrena"]
[Date "2020.08.14"]
[Round "7"]
[White "Ramirez Sanchez, Nicolas"]
[Black "Martinez Gamiz, Marc"]
[Result "0-1"]
[WhiteElo "1789"]
[BlackElo "1869"]
[PlyCount "92"]
[EventDate "2020.08.10"]
[EventType "swiss"]
[EventRounds "9"]
[EventCountry "ESP"]
[SourceTitle "EXT 2021"]
[Source "ChessBase"]
[SourceDate "2020.10.23"]
[SourceVersion "1"]
[SourceVersionDate "2020.10.23"]
[SourceQuality "1"]

1. e4 c5 2. Nf3 Nc6 3. d4 cxd4 4. Nxd4 g6 5. c4 Bg7 6. Be3 Nf6 7. Nc3 0-0 8. Be2 b6 9. 0-0 Bb7 10. f3 e6 11. Qd2 d5 12. cxd5 exd5 13. exd5 Nb4 14. Rfd1 Nbxd5 15. Nxd5 Nxd5 16. Bh6 Qe7 17. Bxg7 Kxg7 18. Bc4 Rfd8 19. Bb3 Rac8 20. Rac1 Rxc1 21. Rxc1 Qf6 22. Rd1 Kg8 23. Ne2 Re8 24. Bxd5 Bxd5 25. Qxd5 Rxe2 26. Qd8+ Qxd8 27. Rxd8+ Kg7 28. Rd7 a5 29. b3 Rxa2 30. Rb7 Rb2 31. Rxb6 a4 32. Ra6 axb3 33. Rb6 Kh6 34. h3 Kg5 35. Kh2 h5 36. Kg3 h4+ 37. Kh2 Rb1 38. Rb5+ Kf4 39. Rb4+ Ke3 40. Rxh4 Kd2 41. Rh8 Rc1 42. Rb8 Rc3 43. Kg3 Kc2 44. Kf4 b2 45. Kg5 Rb3 46. Rc8+ Kd2 0-1

[Event "ESP-ch U16"]
[Site "Salobrena"]
[Date "2020.08.12"]
[Round "5"]
[White "Diaz Reyes, Killian"]
[Black "Martinez Gamiz, Marc"]
[Result "1-0"]
[WhiteElo "1772"]
[BlackElo "1869"]
[PlyCount "103"]
[EventDate "2020.08.10"]
[EventType "swiss"]
[EventRounds "9"]
[EventCountry "ESP"]
[SourceTitle "EXT 2021"]
[Source "ChessBase"]
[SourceDate "2020.10.23"]
[SourceVersion "1"]
[SourceVersionDate "2020.10.23"]
[SourceQuality "1"]

1. e4 c5 2. Nf3 Nc6 3. d4 cxd4 4. Nxd4 g6 5. c4 Bg7 6. Be3 Nf6 7. Nc3 0-0 8. Be2 d6 9. 0-0 Bd7 10. h3 Nxd4 11. Bxd4 Bc6 12. Qc2 a5 13. Rad1 Nd7 14. Bxg7 Kxg7 15. Bg4 Ne5 16. c5 Nxg4 17. hxg4 Qc8 18. cxd6 Qxg4 19. dxe7 Rfe8 20. Nd5 Bxd5 21. Rxd5 Rxe7 22. Qc3+ Kg8 23. f3 Qe6 24. Rfd1 Qb6+ 25. Qc5 Re6 26. Qxb6 Rxb6 27. b3 a4 28. Rd8+ Rxd8 29. Rxd8+ Kg7 30. bxa4 Rb2 31. Rd4 Rxa2 32. Rb4 g5 33. e5 Kg6 34. g4 Re2 35. Rb6+ Kg7 36. Rxb7 Rxe5 37. Rb5 Re2 38. Rxg5+ Kf6 39. Rb5 Ra2 40. a5 Kg6 41. Rb6+ f6 42. a6 h6 43. Kf1 Kg5 44. Ke1 Ra5 45. Kf2 f5 46. gxf5 Rxf5 47. a7 Ra5 48. Rb5+ Rxb5 49. a8Q Rf5 50. Qg8+ Kf6 51. Qh7 Kg5 52. Qg7+ 1-0

[Event "ESP-ch U16"]
[Site "Salobrena"]
[Date "2020.08.10"]
[Round "2"]
[White "Martinez Gamiz, Marc"]
[Black "Guillo Longares, Cecilia"]
[Result "0-1"]
[WhiteElo "1869"]
[BlackElo "2134"]
[PlyCount "56"]
[EventDate "2020.08.10"]
[EventType "swiss"]
[EventRounds "9"]
[EventCountry "ESP"]
[SourceTitle "EXT 2021"]
[Source "ChessBase"]
[SourceDate "2020.10.23"]
[SourceVersion "1"]
[SourceVersionDate "2020.10.23"]
[SourceQuality "1"]

1. e4 c5 2. Nf3 Nc6 3. Bb5 g6 4. Bxc6 dxc6 5. d3 Bg7 6. h3 Nf6 7. Nc3 Nd7 8. Be3 e5 9. Qd2 Qe7 10. 0-0 Nf8 11. Bh6 f6 12. Bxg7 Qxg7 13. Nh2 Ne6 14. Ne2 g5 15. Ng4 Nf4 16. Ne3 Qh6 17. Nf5 Bxf5 18. exf5 0-0-0 19. Ng3 g4 20. Qa5 gxh3 21. Qxa7 hxg2 22. Rfe1 Rdg8 23. Qa8+ Kc7 24. Qa5+ Kb8 25. Qxc5 Rxg3 26. fxg3 Qh1+ 27. Kf2 g1Q+ 28. Rxg1 Qh2+ 0-1

[Event "Platja d'Aro op-B 7th"]
[Site "Platja d'Aro"]
[Date "2019.06.29"]
[Round "7"]
[White "Martinez Gamiz, Marc"]
[Black "Sanchez Luque, Juan"]
[Result "0-1"]
[WhiteElo "1748"]
[BlackElo "1835"]
[PlyCount "50"]
[EventDate "2019.06.24"]
[EventType "swiss"]
[EventRounds "9"]
[EventCountry "ESP"]
[SourceTitle "CBM 191 Extra"]
[Source "ChessBase"]
[SourceDate "2019.09.30"]
[SourceVersion "1"]
[SourceVersionDate "2019.09.30"]
[SourceQuality "1"]

1. e4 e5 2. Nc3 Nc6 3. g3 Bc5 4. Bg2 Nf6 5. d3 d6 6. Na4 Bb6 7. Nxb6 axb6 8. Ne2 Be6 9. d4 exd4 10. Nxd4 Nxd4 11. Qxd4 Qd7 12. Bg5 Ra4 13. Qd3 0-0 14. Bxf6 gxf6 15. b3 Ra3 16. Qc3 Kg7 17. h3 Qb5 18. Qxc7 Rc8 19. Qxd6 Rxc2 20. Qd1 Raxa2 21. Rxa2 Rxa2 22. Qf3 Rb2 23. h4 Qa5+ 24. b4 Qa1+ 25. Qd1 Rb1 0-1

[Event "Platja d'Aro op-B 7th"]
[Site "Platja d'Aro"]
[Date "2019.06.25"]
[Round "2"]
[White "Martinez Gamiz, Marc"]
[Black "Parayre Soguero, Jordi"]
[Result "0-1"]
[WhiteElo "1748"]
[BlackElo "1939"]
[PlyCount "60"]
[EventDate "2019.06.24"]
[EventType "swiss"]
[EventRounds "9"]
[EventCountry "ESP"]
[SourceTitle "CBM 191 Extra"]
[Source "ChessBase"]
[SourceDate "2019.09.30"]
[SourceVersion "1"]
[SourceVersionDate "2019.09.30"]
[SourceQuality "1"]

1. e4 e5 2. Nc3 Nf6 3. g3 Bc5 4. Bg2 d6 5. Na4 Nc6 6. Nxc5 dxc5 7. d3 Be6 8. b3 Qd6 9. Ne2 0-0-0 10. f4 Nd4 11. f5 Bd7 12. Bb2 h5 13. h3 g6 14. fxg6 fxg6 15. Qd2 Rhf8 16. Nxd4 exd4 17. 0-0-0 Qxg3 18. e5 Qxe5 19. Qa5 Kb8 20. Ba3 b6 21. Qa6 Bc8 22. Qc4 Be6 23. Qa6 Bd5 24. Bxd5 Nxd5 25. Rde1 Qg5+ 26. Kb1 Nc3+ 27. Ka1 Rde8 28. Bb2 Rxe1+ 29. Rxe1 Qd2 30. Rc1 Ne2 0-1

[Event "ESP-ch U12"]
[Site "Salobrena Granada"]
[Date "2017.07.10"]
[Round "1"]
[White "Abrisqueta Zudaire, Leyre"]
[Black "Martinez Gamiz, Marc"]
[Result "1-0"]
[WhiteElo "1709"]
[BlackElo "1300"]
[PlyCount "82"]
[EventDate "2017.07.10"]
[EventType "swiss"]
[EventRounds "9"]
[EventCountry "ESP"]
[SourceTitle "EXT 2024"]
[Source "ChessBase"]
[SourceDate "2023.10.10"]
[SourceVersion "1"]
[SourceVersionDate "2023.10.10"]
[SourceQuality "1"]

1. d4 d5 2. Nf3 Nf6 3. e3 g6 4. Bd3 Bg7 5. Nbd2 0-0 6. 0-0 Bg4 7. h3 Bxf3 8. Nxf3 Nbd7 9. c4 c6 10. Re1 Ne4 11. Qc2 Nef6 12. b3 e6 13. Bb2 c5 14. Rad1 Rc8 15. Qe2 Qa5 16. a3 Qb6 17. Nd2 Rfe8 18. cxd5 exd5 19. Bb5 a6 20. Bxd7 Nxd7 21. dxc5 Nxc5 22. Bxg7 Kxg7 23. b4 Na4 24. Qg4 Nb2 25. Rc1 Rcd8 26. Rb1 Nd3 27. Red1 Ne5 28. Qg3 d4 29. exd4 Rxd4 30. Nf3 Nxf3+ 31. Qxf3 Rxd1+ 32. Rxd1 Qc7 33. Qd3 Re7 34. Qd4+ Qe5 35. Qd8 Qh5 36. a4 Qh4 37. Qd2 Qe4 38. a5 Rc7 39. Qb2+ f6 40. Qd2 Rc4 41. Qd7+ Kh6 1-0